La aplicación de la nueva ley penal tributaria en el tiempo. Ley penal más benigna y períodos fiscales involucrados. (Registro nro. 15229)

Detalles MARC
000 -LEADER
fixed length control field 00395 a2200109 4500
001 - CONTROL NUMBER
control field ART_18424
005 - DATE AND TIME OF LATEST TRANSACTION
control field 20260410161702.0
008 - FIXED-LENGTH DATA ELEMENTS--GENERAL INFORMATION
fixed length control field 260409a
100 1# - MAIN ENTRY--PERSONAL NAME
Personal name Ludueña, Gabriel E.
245 10 - TITLE STATEMENT
Title La aplicación de la nueva ley penal tributaria en el tiempo. Ley penal más benigna y períodos fiscales involucrados.
773 0# - HOST ITEM ENTRY
Title Revista Impuestos
Related parts - Nº 4 (abr. 2012)
Record control number REV639

No hay ítems disponibles.